00469 2200169 4500001002100000008004100021035002000062245007400082100003100156250000600187260004600193084001400239082000800253650001400261990001200275990001200287INLIS000000000001177 ind  a0010-0524000412 aKumpulan Soal-Soal olimpiade Biologi 2010cInstitut Teknologi Bandung aInstitut Teknologi Bandung a1 aBandung :bDepartemen Biologi FMIPAc2004 a574 INS k a574 aNon Fiksi a0713587 a0713588